| 000 | 00530nam a2200205Ia 4500 | ||
|---|---|---|---|
| 003 | GCL | ||
| 008 | 140319s9999 xx 000 0 eng d | ||
| 040 |
_aGCL / _cGCL |
||
| 082 | 0 | 4 |
_a617.964 _bH R |
| 100 | 1 | _aHAHN, MARC | |
| 245 | 1 | 0 |
_aREGIONAL ANESTHESIA: AN ATLAS OF ANATOMY AND TECHNIQUES / _cHAHN, MARC |
| 700 | 1 | _aMC QUILLAN, PATRICK | |
| 260 |
_a[S.N] : _bMOSBY ، _c1995 |
||
| 300 | _a311 P | ||
| 650 | 0 | 4 | _aANATOMY |
| 650 | 0 | 4 | _aCONDUCTION ANESTHESIA |
| 650 | 0 | 4 | _aATLAS |
| 650 | 0 | 4 | _aANESTHESIA |
| 942 |
_2ddc _cBK |
||
| 999 |
_c10285 _d10285 |
||